[Event "Tata Steel-A 78th"]
[Site "Wijk aan Zee"]
[Date "2016.01.31"]
[Round "13"]
[White "Tomashevsky, Evgeny"]
[Black "Caruana, Fabiano"]
[Result "1-0"]
[WhiteElo "2728"]
[BlackElo "2787"]
[Annotator "Krasenkow,Michal"]
[PlyCount "125"]
[EventDate "2016.01.16"]
[EventType "tourn"]
[EventRounds "13"]
[EventCountry "NED"]
[EventCategory "20"]
[SourceTitle "CBM 171"]
[Source "ChessBase"]
[SourceDate "2016.03.14"]
[SourceVersion "2"]
[SourceVersionDate "2016.03.14"]
[SourceQuality "1"]

1. d4 Nf6 2. c4 e6 3. Nc3 Bb4 4. e3 b6 5. Nge2 c5 6. a3 Ba5 7. Rb1 Na6 8. Ng3 Bb7 9. f3 O-O 10. Bd3 d5 (10... cxd4 11. exd4 Bxc3+ 12. bxc3 d5 13. O-O (13. cxd5 $5 exd5 14. O-O {[%cal Ya3a4]}) 13... dxc4 14. Bxc4 Rc8 15. Qe2 Nb8 16. Bd2 Rxc4 17. Qxc4 Ba6 18. Qa4 Bxf1 19. Nxf1 Qc7 $11 {0-1 (50) Peralta,F (2556)-Ponomariov,R (2695) Albox 2005}) 11. O-O cxd4 $2 {After this careless move Black's a5-bishop gets into trouble.} (11... Rc8 $6 12. Nb5 Qd7 13. Nxa7 Ra8 14. Nb5 $16 {1/2 (72) Bluebaum,M (2513)-Dann,M (2434) Dresden 2013}) (11... dxc4 $142 12. Bxc4 Bxc3 13. bxc3 {- this position is less favourable for Black than it was after 10...cxd4 as now ...cxd4 can be met with cxd4. E.g.} Rc8 14. Qe2 Nb8 15. Bb2 Nd5 16. Rfc1 Qg5 17. f4 Qe7 18. f5 Qg5 19. fxe6 fxe6 20. Rf1 $14 Kh8 {1/2 (26) Hawkins,J (2511)-Adams,M (2752) England 2014} 21. e4 $1 Nf4 22. Rxf4 Qxf4 23. Bxe6 Rce8 24. d5 $36) 12. Nb5 $1 {[%cal Rb2b4]} (12. exd4 $2 dxc4 13. Bxc4 Rc8 14. Qd3 Bxc3 15. bxc3 Nc7 16. Bd2 Bd5 $11 {0-1 (58) Popov,S (2478)-Jeremic,V (2527) Zlatibor 2006}) 12... dxc4 13. Bxc4 Rc8 $8 14. Qe2 $1 {Even better than} (14. Bd3 Nc5 15. b4 Nxd3 16. Qxd3 a6 17. Nxd4 (17. Na7 $143 Ra8 18. bxa5 b5 19. Bb2 {1/2 (19) Feige,M (2421)-Natsidis,C (2227) Germany 2008}) 17... Bxb4 18. axb4 e5 19. Bb2 exd4 20. Qxd4 Qxd4 21. Bxd4 $16) 14... Bd5 15. Bxd5 Qxd5 16. e4 (16. exd4 {is simpler, e.g.} Qb3 (16... Rc4 17. b3) 17. Nxa7 {, winning a pawn...} Rc4 18. Qd1 $1 Qxd1 19. Rxd1 {...and renewing the b2-b4 threat.}) 16... Qa2 $146 (16... Qb3 17. Nxd4 Qc4 18. Qxc4 Rxc4 19. Nb5 {[%cal Rb2b4]} Rc5 20. Nxa7 Ra8 21. b4 $18) (16... d3 $5 17. exd5 dxe2 18. Nxe2 Nxd5 19. b4 Naxb4 20. axb4 Bxb4 21. Nxa7 Rc2 22. Rb2 {- White parries immediate threats but it will not be easy for him to convert his material advantage as all the pawns are on the same side.}) ({RR} 16... Qd7 17. Rd1 d3 18. Qxd3 Qxd3 19. Rxd3 Nc5 20. Rd1 Rcd8 21. Be3 Nb3 22. Nxa7 Bd2 23. Bxb6 Rd7 24. Nf1 Bf4 25. Nc6 g5 26. g3 Bc7 27. Be3 h6 28. Nd2 Nxd2 29. Rxd2 Bb6 30. Re2 Bxe3+ 31. Rxe3 {Aleksandrov,A (2599)-Abdulov,O (2398) Baku 2018 1-0 (53)}) 17. Bg5 $1 {The killing b2-b4 will follow sooner or later.} Rc4 18. Rbd1 (18. Bxf6 gxf6 19. Qf2 $1 $18 {[%cal Rb2b4,Rg3h5]}) 18... d3 (18... Rd8 19. e5 Qb3 20. Nxd4 Rcxd4 21. Rxd4 Rxd4 22. Qxa6 Ne8 23. Qc8 Kf8 24. Qb7 Kg8 25. Qe7 Qa4 26. b4 $18) 19. Qxd3 Rc5 20. Be3 $6 (20. Bxf6 gxf6 21. Nd4 $18 {[%cal Rd3a6,Rb2b4]}) 20... Qxb2 21. Bxc5 Nxc5 $16 {The a5 bishop has survived; Black has only lost an exchange for a pawn. However, Evgeny Tomashevsky manages to convert his material advantage although it takes a lot of time.} 22. Qe2 Qxe2 23. Nxe2 a6 24. Nd6 b5 25. Nd4 Bb6 26. Kh1 g5 27. Nc6 Kg7 28. g3 h5 29. Rfe1 Na4 30. Rd3 Nc5 31. Rd2 Nb3 32. Rc2 Nc5 33. Kg2 Na4 34. Rd1 g4 35. Rd3 Nc5 36. Rd1 Na4 37. h3 gxf3+ 38. Kxf3 Nh7 39. e5 Bc5 40. Rd3 f6 41. Kg2 Bb6 42. exf6+ Nxf6 43. Nd4 Bxd4 44. Rxd4 Nd5 45. Re4 Rd8 46. Nb7 Rd7 47. Na5 Rd6 48. Rc6 Rxc6 49. Nxc6 Nc5 50. Re5 Nd3 51. Rg5+ Kh6 52. Rg8 Ne3+ 53. Kf3 Nc4 54. Nb4 Nde5+ 55. Ke2 a5 56. Nc2 Nd7 57. Rc8 Kg6 58. Rc7 Nf6 59. Rc6 Kf7 60. a4 Nd5 61. axb5 Ne5 62. Ra6 Nc3+ 63. Kf1 1-0

[Event "Andorra op 24th"]
[Site "Andorra"]
[Date "2006.07.10"]
[Round "3"]
[White "Vera Gonzalez Quevedo, Reynaldo"]
[Black "Caruana, Fabiano"]
[Result "1-0"]
[WhiteElo "2510"]
[BlackElo "2444"]
[PlyCount "121"]
[EventDate "2006.07.08"]
[EventType "swiss"]
[EventRounds "9"]
[EventCountry "AND"]
[SourceTitle "CBM 113 Extra"]
[Source "ChessBase"]
[SourceDate "2006.09.14"]
[SourceVersion "1"]
[SourceVersionDate "2006.09.14"]
[SourceQuality "1"]

1. d4 {Chekhov,Valery A} Nf6 2. c4 e6 3. Nc3 Bb4 4. Qc2 c5 5. dxc5 O-O 6. a3 Bxc5 7. Nf3 b6 ({RR} 7... Nc6 8. Bg5 Nd4 9. Nxd4 Bxd4 10. e3 Qa5 11. exd4 Qxg5 12. Qd2 Qxd2+ 13. Kxd2 b6 14. Bd3 Bb7 15. f3 Rfc8 16. b4 Ba6 17. c5 Bxd3 18. Kxd3 bxc5 19. dxc5 Ne8 20. Ne4) 8. Bg5 Bb7 ({RR} 8... h6 9. Bh4 Bb7 10. e3 Be7 11. Be2 Nc6 12. O-O Rc8 13. Rfd1 Nh5 14. Bxe7 Qxe7 15. b4 Nf6 16. Rd2 Rfd8 17. Rad1 d6) 9. Rd1 ({RR} 9. O-O-O Be7 10. e4 Nc6 11. Bd3 h6 12. Bf4 ({RR} 12. Bh4 Nh5) 12... Rc8 13. Kb1 Na5 14. Qe2 a6 15. e5 Ne8 16. b4 Nxc4 ({RR} 16... Nc6 17. Bxh6 gxh6 18. Qe4 f5 19. exf6 Nxf6 ({RR} 19... Rxf6 20. Qh7+ Kf8 21. b5) 20. Qg6+ Kh8 21. Qxh6+ Kg8 22. Qg6+ Kh8 23. Ng5) 17. Bxc4 b5 18. Nxb5 axb5 19. Bxb5 Nc7 ({RR} 19... Rc7 20. Rd2) 20. Bxd7 ({RR} 20. Rxd7 Nxb5 21. Qxb5 Be4+ 22. Ka1 Qe8) 20... Nd5 ({RR} 20... Ra8 21. Bxe6 Qb8 22. Ba2 Rxa3 23. e6 fxe6 24. Bxc7 Qxc7 25. Rd7 Be4+ ({RR} 25... Qc3) 26. Qxe4 Qxd7 27. Bxe6+) 21. Bxc8 Nc3+ 22. Kb2 Qxc8 23. Qc2 Nxd1+ {Azmaiparashvili,Z (2630)-Ruban,V (2590) Groningen 1993 CBM 039 [Chekhov,Valery A] 1-0 (52)}) ({RR} 9. e3 Be7 10. Rd1 Nc6 11. Be2 d6 12. Rd2 Qb8 13. O-O h6 14. Bh4 Rd8 15. Rfd1 Ne5) ({RR} 9. e4 h6 10. Bh4 Be7 11. Be2 Nh5 12. Bxe7 Qxe7 13. Qd2 Rd8 14. Rd1 Nf6 15. e5 Ne8 16. Nb5) 9... h6 ({RR} 9... Be7 10. e4 h6 11. Bf4 Nc6 12. Be2 Rc8 13. O-O Nh5 14. Be3 Qc7 15. Nb5 Qb8 16. Rxd7 Rfd8 17. Rxd8+ Rxd8 18. Rd1 Nf4 19. Rxd8+ Bxd8 20. Bf1 a6 21. Nc3 Ne5 22. Nxe5 Qxe5 23. Qd2 Bc7 24. g3 {Holt,C (2540)-Martinez Pla,X (2261) chess.com INT 2024 1-0 (42)}) 10. Bc1 $146 ({RR} 10. Bf4 a6 11. Na4 Be7 12. Be3 Be4 13. Qd2 b5 14. Nb6 Ra7 15. Nd5 Rb7 16. Nxe7+ Qxe7 17. b4 Rc8 18. c5 Nc6 19. g4 Nxg4 20. Bg2 a5 21. Rg1 f5 22. Bd4 axb4 23. h3 Nf6 24. axb4 Kh7 {Gasanov,E (2427)-Fiodorov,M (2151) Odessa 2005 ½-½ (59)}) ({RR} 10. Bf4 Qc8 11. e3 Nh5 12. Bd6 Bxd6 13. Rxd6 Qc5 14. Rd2 Nf6 15. Bd3 Rc8 16. O-O Na6 17. e4 Qe7 18. e5 Ne8 19. Be4 Bxe4 20. Nxe4 Nc5 21. Rfd1 Nxe4 22. Qxe4 Qc5 23. Rd4 Qc6 24. Qf4 Rc7 {Miron,L (2408)-Tatarus,D (2175) Cluj 2008 ½-½ (59)}) 10... Nc6 11. e3 Qc7 12. Be2 Ne5 13. Nxe5 Qxe5 14. O-O Rac8 15. b4 Be7 16. Bb2 Qg5 17. e4 Qg6 18. f4 Nxe4 19. Bd3 d5 20. Bxe4 dxe4 21. Rd7 Bf6 22. Rxb7 Rxc4 23. Qb3 Rfc8 24. f5 Bd4+ 25. Kh1 Qf6 26. Nxe4 Qxf5 27. Qxc4 Rxc4 28. Rxf5 Bxb2 29. Nd2 Rc2 30. Rf2 Bd4 31. Rfxf7 Rxd2 32. g3 Kh7 33. Rbd7 Kg6 34. h4 e5 35. g4 Rd1+ 36. Kh2 Rd2+ 37. Kh3 Rd3+ 38. Kg2 e4 39. Rf4 Bb2 40. Rxd3 exd3 41. Rf5 Bxa3 42. b5 d2 43. h5+ Kh7 44. Rd5 Bb4 45. Rd7 Kg8 46. Kf3 Kf8 47. Ke2 Ba5 48. Rxa7 Bb4 49. Rb7 Ba5 50. Kd1 Kg8 51. Ra7 Bb4 52. Rb7 Ba5 53. Ra7 Bb4 54. Kc2 Kf8 55. Rd7 Ba5 56. Rb7 Kg8 57. Ra7 Bb4 58. Ra6 Bc5 59. Kxd2 Kf7 60. Ra4 Kf6 61. Rc4 1-0

[Event "Tata Steel-A 82nd"]
[Site "Wijk aan Zee"]
[Date "2020.01.21"]
[Round "9"]
[White "Vitiugov, Nikita"]
[Black "Caruana, Fabiano"]
[Result "1/2-1/2"]
[WhiteElo "2747"]
[BlackElo "2822"]
[PlyCount "45"]
[EventDate "2020.01.11"]
[EventType "tourn"]
[EventRounds "13"]
[EventCountry "NED"]
[EventCategory "20"]
[SourceTitle "CBM 194"]
[Source "ChessBase"]
[SourceDate "2020.01.27"]
[SourceVersion "1"]
[SourceVersionDate "2020.01.27"]
[SourceQuality "1"]

1. d4 Nf6 2. c4 e6 3. Nc3 Bb4 4. Qc2 O-O 5. e4 d5 6. e5 Ne4 7. Bd3 c5 8. Nf3 cxd4 9. Nxd4 Nd7 10. Bf4 Qh4 11. g3 Qh5 12. O-O g5 13. cxd5 gxf4 14. dxe6 Nxc3 15. exd7 Bxd7 16. bxc3 fxg3 17. hxg3 Rac8 18. Bf5 Bxc3 19. Qd1 Qxd1 20. Raxd1 Rc4 21. Bxd7 Rxd4 22. Rxd4 Bxd4 23. Rb1 $146 ({RR} 23. Re1 Rd8 24. Ba4 Rd5 25. e6 fxe6 26. Rxe6 Re5 27. Rd6 Bc5 28. Rd2 Kg7 29. Kg2 b6 30. Bb3 h6 31. f4 Re3 32. Rd7+ Re7 33. Rd8 Bb4 34. Kf3 Be1 35. g4 Bc3 36. Rd6 Bf6 37. Be6 Rc7 {Vachier Lagrave,M (2778)-Giri,A (2764) chess24.com INT 2020 1-0 (59)}) 1/2-1/2

[Event "ch-USA 2023"]
[Site "Saint Louis USA"]
[Date "2023.10.07"]
[Round "3.6"]
[White "Xiong, Jeffery"]
[Black "Caruana, F.."]
[Result "0-1"]
[WhiteElo "2693"]
[BlackElo "2786"]
[PlyCount "152"]
[EventDate "2023.10.05"]

1. d4 Nf6 2. c4 e6 3. Nc3 Bb4 4. Qc2 d5 5. a3 Bxc3+ 6. Qxc3 O-O 7. e3 b6 8. Nf3 Bb7 9. b3 Nbd7 10. Bb2 c5 11. Be2 Rc8 12. O-O Ne4 13. Qd3 Qe7 14. a4 a5 15. Rac1 Rfd8 16. Qb1 $146 ({RR} 16. Ba3 e5 17. Qc2 Nd6 18. Rfe1 cxd4 19. exd4 e4 20. Nd2 Qf6 21. Bg4 Nf5 22. Qd1 Qg6 23. cxd5 Rxc1 24. Qxc1 Rc8 25. Qd1 Nf6 26. Bxf5 Qxf5 27. Nc4 Qf4 28. Bd6 Qh6 29. Be5 Nxd5 30. Nd6 Rc7 {Fedoseev,V (2675)-Anton Guijarro,D (2668) Budva MNE 2023 1-0 (35)}) 16... dxc4 17. bxc4 Ng5 18. Nxg5 Qxg5 19. g3 Bc6 20. Qc2 Nf6 21. Rcd1 Qh6 22. h4 Ne4 23. d5 exd5 24. Bg4 dxc4 25. Bxc8 Rxc8 26. Qxc4 Re8 27. Qe2 Bxa4 28. Rd5 Bc6 29. Re5 Rxe5 30. Bxe5 Qe6 31. Bc7 Nc3 32. Qd3 Nd5 33. Bb8 Qe8 34. Bd6 h6 35. Rd1 Qe6 36. Bb8 Nf6 37. Qb1 Be4 38. Rd8+ Kh7 39. Qd1 Qf5 40. Bf4 c4 41. f3 Bd3 42. g4 Qc5 43. Rxd3 cxd3 44. Qxd3+ g6 45. h5 Nd5 46. hxg6+ fxg6 47. Kg2 a4 48. Kg3 Nxf4 49. Qd7+ Kg8 50. exf4 a3 51. Qe6+ Kg7 52. f5 Qc7+ 53. Kf2 gxf5 54. gxf5 Qf7 55. Qxb6 a2 56. Qd4+ Kh7 57. Qa4 h5 58. Qa6 Kg7 59. Kg2 h4 60. Qa4 Qd5 61. Qg4+ Kf8 62. Qb4+ Kf7 63. Qb2 h3+ 64. Kg3 Ke7 65. Qg7+ Kd6 66. Qf8+ Ke5 67. Qh8+ Kxf5 68. Qh5+ Ke6 69. Qe8+ Kf6 70. Qf8+ Kg6 71. Qe8+ Kg7 72. Qe7+ Qf7 73. Qa3 Kg8 74. Qa8+ Kh7 75. Kxh3 Qe6+ 76. Kg2 Qg8+ 0-1